Les lois naturelles de l´économie politique / (Record no. 159907)

MARC details
000 -LEADER
campo de control de longitud fija 00735nam a22001815i 4500
001 - NÚMERO DE CONTROL
campo de control 159907
003 - IDENTIFICADOR DE NÚMERO DE CONTROL
campo de control ES-MaACL
005 - FECHA Y HORA DE LA ÚLTIMA TRANSACCIÓN
campo de control 20250721062639.0
008 - DATOS DE LONGITUD FIJA--INFORMACIÓN GENERAL
campo de control de longitud fija 000217q1887 fr |||| | fre d
040 ## - FUENTE DE CATALOGACIÓN
Centro catalogador/agencia de origen CCPB | B
Lengua de catalogación spa
Centro/agencia transcriptor CCPB | B
100 1# - ENTRADA PRINCIPAL--NOMBRE DE PERSONA
Nombre de persona Molinari, Gustave de,
Fechas asociadas al nombre 1819-1912
9 (RLIN) 130029
245 14 - MENCIÓN DEL TÍTULO
Título Les lois naturelles de l´économie politique /
Mención de responsabilidad, etc. par G. de Molinari.
260 ## - PUBLICACIÓN, DISTRIBUCIÓN, ETC.
Lugar de publicación, distribución, etc. Paris :
Nombre del editor, distribuidor, etc. Librairie Guillaumin et Cie.,
Fecha de publicación, distribución, etc. [1887?]
300 ## - DESCRIPCIÓN FÍSICA
Extensión VIII, 333 p. ;
Dimensiones 18 cm.
650 07 - PUNTO DE ACCESO ADICIONAL DE MATERIA--TÉRMINO DE MATERIA
Término de materia o nombre geográfico como elemento de entrada Economía
Fuente del encabezamiento o término embne
9 (RLIN) 12006
852 ## - LOCALIZACIÓN
Ubicación ES-MaACL
Número de control de estantería F-10564
Nota libre -- Enc. pasta española
Encuadernación -- Edic.: El imp. consta en verso de la antep.: Corbeil : Typ. et Stér. Crété -- Posiblemente impreso entre 1886 y 1900
Holdings
Estatus retirado Estado de pérdida Estado de daño No para préstamo Colección Biblioteca de origen Biblioteca actual Ubicación en estantería Fecha de adquisición Fuente de adquisición Total de préstamos Signatura topográfica completa Código de barras Visto por última vez Precio de reemplazo Tipo de ítem Koha
        Libros del s. XIX Biblioteca del Ateneo de Madrid Biblioteca del Ateneo de Madrid Sala Pecera Planta 2 17/01/2008     F-10564 1167401 23/02/2023 23/02/2023 Libro impreso antiguo